Cities that End in "I" Map Quiz - Statistics

General Stats
  • This quiz has been taken 98 times
  • The average score is 26 of 50
Answers on the Map
Answers color-coded by a green-red scale on the quiz's map according to % correct below.
 
Answer Stats
City % Correct
Miami
99%
Abu Dhabi
94%
Tripoli
91%
Dubai
90%
Nairobi
89%
Delhi
87%
Djibouti
87%
Hanoi
87%
Helsinki
87%
Taipei
86%
Tbilisi
86%
Karachi
84%
Chennai
79%
Cincinnati
79%
Mumbai
79%
Shanghai
77%
Thessaloniki
77%
Kigali
74%
Cali
73%
Bari
71%
Urumqi
70%
Bangui
69%
Benghazi
67%
Cagliari
66%
Mexicali
50%
Lubumbashi
49%
Rawalpindi
49%
Chiang Mai
46%
Sendai
46%
Kumasi
41%
Varanasi
36%
Wuxi
33%
Hefei
31%
Mbuji-Mayi
26%
Bhilai
24%
Kayseri
24%
Kochi
24%
Cixi
21%
Guwahati
21%
Madurai
21%
Maiduguri
21%
Kisangani
20%
Ranchi
17%
San Luis Potosí
17%
Linyi
14%
Yantai
13%
Zhuhai
13%
Huaibei
7%
Owerri
7%
Huangshi
4%
No matching quizzes found
Score Distribution
Percent of People with Each Score
Percentile by Number Answered
Your Score History
You have not taken this quiz